00490nam a2200193Ia 4500003000900000008004100009040001300050040001300063041000800076100001700084245009800101250001200199260001200211260000900223300001100232300001000243490003700253490000600290IT-RoPAU120407s9999 xx 000 0 und d aIT-RoPAU cIT-RoPAU aita aRomano Penna aLo Spirito di Cristo. Cristologia e pneumatologia secondo un’originale formulazione paolina aBrescia aPaideia c1976 a359 p. c24 cm aSupplemento alla Rivista Biblica v7